Visualizzazione normale
Vista MARC
- Isaak Chris
di Personal Name
Records bibliografici associati: 1
001 - CONTROL NUMBER
- control field: 27482
003 - CONTROL NUMBER IDENTIFIER
- control field: IT-RoPau
005 - DATE AND TIME OF LATEST TRANSACTION
- control field: 20140528100035.0
008 - FIXED-LENGTH DATA ELEMENTS
- fixed length control field: 140528|| aca||aabn | a|a d
040 ## - CATALOGING SOURCE
- Original cataloging agency: IT-RoPau
- Transcribing agency: IT-RoPau
100 ## - HEADING--PERSONAL NAME
- Personal name: Isaak Chris
670 ## - SOURCE DATA FOUND
- Source citation: Work cat.: (IT-RoPau)101693: Isaak Chris, Wicked Game